Anglais noms communs (part3) - Statistiques

Statistiques générales
  • Ce quiz a été pris 52 fois
  • Le résultat moyen est 39 sur 45
Statistiques - réponses
Hint Réponse % Correct
The room La chambre / la pièce
100%
The sea La mer
100%
The question La question
100%
The paper Le papier
100%
Tomorrow Demain
98%
The map La carte
98%
The moon La lune
98%
The science La science
98%
The movie Le film
98%
The party La fête
96%
The mother La mère
96%
The minute La minute
96%
The music La musique
96%
The night La nuit
96%
The voice La voix
96%
The morning Le matin
96%
The noun Le nom
96%
The name Le nom
96%
The parent Le parent
96%
The problem Le problème
96%
The phone Le téléphone
96%
The mountain La montagne
94%
The person La personne
94%
The people Les gens
94%
The school L’école
92%
The product Le produit
92%
The order L’ordre / la commande
92%
The money L’argent
90%
The point Le point / l’objectif
90%
The power Le pouvoir
90%
The man / men L’homme / les hommes
90%
The rule La règle
88%
The part La partie / le morceau
85%
The office Le bureau
85%
The number Le nombre
85%
The news Les nouvelles / les infos
85%
The picture L’image
81%
The tree L’arbre
79%
The object L’objet
77%
The town La ville
75%
The towel La serviette
63%
The place L’endroit
54%
The mind L’esprit
54%
The piece Le morceau
35%
The round Le rond
27%
Aucun quiz correspondant
Distribution des résultats
% des personnes avec chaque résultat
Percentile par nombre de réponses
Votre historique - résultats
Vous n’avez pas pris ce quiz